00334 a2200133 4500001000700000020002200007040001100029100002900040240005600069245005100125300000700176362000900183440000800192174625 a978-85-7153-209-0 cMagnum aCoelho, Ronaldo Simões10aO caso da banana ou muita coisa em pouco tempolpor10aO caso da banana ou muita coisa em pouco tempo a280 a2007 1aRHJ